| 000 | 00539nam a2200193Ia 4500 | ||
|---|---|---|---|
| 005 | 20260120131809.0 | ||
| 008 | 008 260114s9999 xx 000 0 eng d | ||
| 020 | _a9781383006599 | ||
| 037 | _aEBOOK | ||
| 040 |
_aCRL _beng _cCRL |
||
| 041 |
_aeng _2eng |
||
| 084 | _qCRL | ||
| 100 |
_aBeaton _9931319 |
||
| 245 | 3 | _aAn Introduction to Modern Greek Literature | |
| 260 |
_bOxford University PressOxford University Press _c2023 |
||
| 856 | _uhttps://academic.oup.com/book/54064 | ||
| 942 | _cEBOOK | ||
| 999 |
_c1523241 _d1523241 |
||